[Event "32nd WCh U20 Girls"]
[Site "Pune IND"]
[Date "2014.10.06"]
[Round "1.1"]
[White "Goryachkina, Alexandra"]
[Black "Parnali, S. Dharia"]
[Result "1-0"]
[WhiteElo "2430"]
[BlackElo "1904"]
[EventDate "2014.10.06"]
[PlyCount "159"]

1.d4 d5 2.c4 e6 3.Nc3 Nf6 4.Nf3 Be7 5.Bf4 O-O 6.e3 Nbd7 7.a3 c5 8.cxd5 
exd5 9.Be2 c4 10.O-O Qb6 11.Qc2 Re8 12.Bg5 Bd6 13.Rfd1 Qc6 14.Nd2 b5 15.
Bf3 Bb7 16.e4 Nxe4 17.Ndxe4 dxe4 18.Nxe4 Rxe4 19.d5 Bxh2+ 20.Kh1 Qg6 21.
Bxe4 Qh5 22.Bf3 Qxg5 23.Kxh2 Ne5 24.Qe2 Qf4+ 25.Kg1 Nxf3+ 26.Qxf3 Qxf3 27.
gxf3 Kf8 28.Rd4 Rd8 29.a4 a6 30.Rad1 Rd6 31.Kg2 Rg6+ 32.Kf1 Rd6 33.Ke2 Ke7
34.Ke3 Rf6 35.Re4+ Kd7 36.f4 Rh6 37.axb5 axb5 38.Kd4 Kd6 39.Re5 Rh3 40.Rg5
g6 41.Rg3 Rh5 42.Rg5 Rh3 43.Rg3 Rh4 44.Ra3 Rxf4+ 45.Ke3 Rf5 46.Ra5 Re5+ 
47.Kf4 Rf5+ 48.Ke3 Bxd5 49.Rxb5 Kc6 50.Ra5 Rf3+ 51.Ke2 Rf5 52.Ke3 Rf3+ 53.
Ke2 Rf5 54.Ke3 h5 55.Ra6+ Kc5 56.Ra5+ Kc6 57.Ra6+ Kb5 58.Rda1 h4 59.Kd4 
Be6 60.R1a5+ Kb4 61.Rxf5 Bxf5 62.Rb6+ Ka5 63.Rb8 Be6 64.Kc5 Ka4 65.Rb4+ 
Ka5 66.Rb8 Ka4 67.b3+ Ka3 68.bxc4 h3 69.Kd4 Bg4 70.Kc3 Ka2 71.Rb2+ Ka3 72.
Rb1 Ka2 73.Rh1 Bc8 74.c5 g5 75.f3 f6 76.c6 Be6 77.c7 g4 78.fxg4 Bxg4 79.
Rg1 Be6 80.Rg8 1-0

[Event "32nd WCh U20 Girls"]
[Site "Pune IND"]
[Date "2014.10.06"]
[Round "1.2"]
[White "Azimova, Karina"]
[Black "Arabidze, Meri"]
[Result "0-1"]
[WhiteElo "2063"]
[BlackElo "2409"]
[EventDate "2014.10.06"]
[PlyCount "62"]

1.e4 c5 2.c3 e6 3.Nf3 d5 4.exd5 exd5 5.Bb5+ Nc6 6.Qe2+ Ne7 7.O-O a6 8.
Bxc6+ bxc6 9.Re1 f6 10.d4 c4 11.b3 cxb3 12.axb3 Kf7 13.c4 Ng6 14.c5 Rb8 
15.Rxa6 Rxb3 16.Ra7+ Be7 17.Bd2 Rb7 18.Rxb7 Bxb7 19.Qe6+ Ke8 20.Nc3 Qc7 
21.Qd6 Qc8 22.Nh4 Ne5 23.Rxe5 fxe5 24.Qxe5 Rf8 25.Bg5 Rf7 26.h3 Kf8 27.Nf3
Bf6 28.Qd6+ Kg8 29.Bf4 Rf8 30.Ne2 Ba6 31.Ng3 Re8 0-1

[Event "32nd WCh U20 Girls"]
[Site "Pune IND"]
[Date "2014.10.06"]
[Round "1.3"]
[White "Khademalsharieh, Sarasadat"]
[Black "Gu Tianlu"]
[Result "1/2-1/2"]
[WhiteElo "2366"]
[BlackElo "2055"]
[EventDate "2014.10.06"]
[PlyCount "107"]

1.d4 d5 2.c4 c6 3.Nf3 Nf6 4.e3 Bf5 5.Nc3 a6 6.Qb3 Ra7 7.a4 e6 8.Be2 a5 9.
O-O h6 10.Ne5 Bd6 11.f4 O-O 12.Bd2 Nbd7 13.Be1 Ne4 14.Rd1 Bxe5 15.fxe5 Qb6
16.Qa3 Nxc3 17.Bxc3 dxc4 18.Bxc4 Qd8 19.Rde1 Nb6 20.Bb3 Ra8 21.e4 Bg6 22.
Rf4 Re8 23.Ref1 Nd7 24.Qa2 b5 25.d5 b4 26.dxe6 fxe6 27.Bxe6+ Kh7 28.Bd4 
Nf8 29.Bg8+ Kh8 30.Qc4 Nd7 31.Be6 Qe7 32.Bf7 Bxf7 33.Rxf7 Nxe5 34.Rxe7 
Nxc4 35.Rxg7 Ne5 36.Rc7 Rad8 37.Bxe5+ Rxe5 38.Rxc6 Kg7 39.Rc4 Rd2 40.b3 
Rg5 41.g3 Rh5 42.Rc7+ Kg8 43.h4 Re5 44.Rf4 Rb2 45.Kf1 Rxb3 46.Rg4+ Kf8 47.
Rg6 h5 48.Rh6 Kg8 49.Ra6 Rf3+ 50.Kg2 Rf8 51.Rca7 Rb8 52.Rg6+ Kh8 53.Rh6+ 
Kg8 54.Rg6+ 1/2-1/2

[Event "32nd WCh U20 Girls"]
[Site "Pune IND"]
[Date "2014.10.06"]
[Round "1.4"]
[White "Liu Manli"]
[Black "Pustovoitova, Daria"]
[Result "0-1"]
[WhiteElo "2039"]
[BlackElo "2354"]
[EventDate "2014.10.06"]
[PlyCount "78"]

1.e4 c5 2.Nf3 d6 3.d4 cxd4 4.Nxd4 Nf6 5.Nc3 a6 6.Be2 e6 7.O-O Be7 8.f4 O-O
9.a4 Nc6 10.Be3 Qc7 11.Kh1 Re8 12.Bd3 Nxd4 13.Bxd4 e5 14.Be3 exf4 15.Bxf4 
Be6 16.Qf3 Nd7 17.Nd5 Bxd5 18.exd5 Bf6 19.Qh3 g6 20.c3 Re7 21.Qg3 Be5 22.
Qh4 Nc5 23.Bc2 Bxf4 24.Qxf4 Rae8 25.h3 Re2 26.Rf2 Rxf2 27.Qxf2 Re5 28.Qf3 
Qe7 29.Rf1 f5 30.Kg1 Nd7 31.Qf4 Nf6 32.Qd4 Nh5 33.Kh2 Re3 34.Bd3 Qg5 35.
Rd1 Qg3+ 36.Kh1 Qf2 37.Rg1 f4 38.b3 Ng3+ 39.Kh2 Ne2 0-1

[Event "32nd WCh U20 Girls"]
[Site "Pune IND"]
[Date "2014.10.06"]
[Round "1.5"]
[White "Zhai Mo"]
[Black "San Diego, Marie Antoinette"]
[Result "1-0"]
[WhiteElo "2339"]
[BlackElo "2033"]
[EventDate "2014.10.06"]
[PlyCount "69"]

1.d4 d5 2.c4 c6 3.cxd5 cxd5 4.Bf4 Nf6 5.e3 Nc6 6.Nc3 a6 7.Bd3 e6 8.Rc1 Be7
9.h3 O-O 10.Nf3 Bd7 11.O-O Rc8 12.Qe2 Nb4 13.Bb1 b5 14.Rfd1 Qb6 15.Ne5 
Rfd8 16.Bg5 Be8 17.Ng4 Qd6 18.Nxf6+ Bxf6 19.Bxf6 gxf6 20.Qg4+ Kh8 21.Qh4 
f5 22.g4 Qf8 23.gxf5 h6 24.f6 Nc6 25.f4 b4 26.Ne2 Nb8 27.Kf2 Bb5 28.Rg1 
Bxe2 29.Rg7 Qxg7 30.fxg7+ Kxg7 31.Rg1+ Kf8 32.Kxe2 Nd7 33.Bh7 Ke8 34.Rg8+ 
Nf8 35.Qf6 1-0

[Event "32nd WCh U20 Girls"]
[Site "Pune IND"]
[Date "2014.10.06"]
[Round "1.6"]
[White "Turkova, Karolina"]
[Black "Padmini, Rout"]
[Result "0-1"]
[WhiteElo "2033"]
[BlackElo "2331"]
[EventDate "2014.10.06"]
[PlyCount "116"]

1.e4 c5 2.Nf3 d6 3.d4 cxd4 4.Nxd4 Nf6 5.Nc3 a6 6.Be2 e5 7.Nb3 Be7 8.O-O 
O-O 9.Re1 Be6 10.Bf3 Nbd7 11.Nd2 b5 12.Nf1 Nb6 13.Ne3 b4 14.Ncd5 Nfxd5 15.
exd5 Bd7 16.Bd2 Na4 17.Rb1 a5 18.a3 bxa3 19.bxa3 Qc7 20.Qe2 f5 21.Qc4 Nc5 
22.Bc3 Bf6 23.Rb2 Rfc8 24.Rbb1 Qa7 25.Qa2 Na4 26.Bd2 e4 27.Be2 Bc3 28.Bxc3
Nxc3 29.Qa1 Nxb1 30.Rxb1 Rab8 31.Nc4 Qc5 32.h3 Rxb1+ 33.Qxb1 Bb5 34.Nxd6 
Bxe2 35.Nxc8 Qxc8 36.d6 Bc4 37.Qb6 Kf7 38.Qa7+ Kg8 39.Qxa5 Be6 40.a4 Kf7 
41.Qb6 Qxc2 42.Qd8 Qb1+ 43.Kh2 Qb7 44.a5 Qd7 45.Qb8 Bd5 46.a6 Ke6 47.a7 
Qxd6+ 48.Kg1 Qc6 49.Qg8+ Kf6 50.Qf8+ Kg6 51.h4 Qc1+ 52.Kh2 Qf4+ 53.Kg1 e3 
54.Qe8+ Kh6 55.Qxe3 Qxe3 56.fxe3 Kh5 57.g3 Kg4 58.Kf2 Be4 0-1

[Event "32nd WCh U20 Girls"]
[Site "Pune IND"]
[Date "2014.10.06"]
[Round "1.7"]
[White "Ni Shiqun"]
[Black "Bala Kannamma, P."]
[Result "1/2-1/2"]
[WhiteElo "2312"]
[BlackElo "2023"]
[EventDate "2014.10.06"]
[PlyCount "91"]

1.e4 c5 2.Nf3 e6 3.c4 a6 4.Nc3 Qc7 5.Be2 Nc6 6.d4 cxd4 7.Nxd4 Nf6 8.O-O 
Be7 9.Be3 O-O 10.Rc1 Nxd4 11.Qxd4 d6 12.Rfd1 Bd7 13.b4 Rac8 14.Qd3 Rfd8 
15.Bf4 Be8 16.Qg3 Qc6 17.Qe3 h6 18.a4 a5 19.bxa5 Ra8 20.e5 dxe5 21.Qxe5 
Nd7 22.Qb5 Qc8 23.Bd6 Nf6 24.Qe5 Bxd6 25.Rxd6 Rxd6 26.Qxd6 Rxa5 27.Qb6 Ra6
28.Qb4 Bc6 29.c5 Ra8 30.h3 Nd5 31.Nxd5 Bxd5 32.Bb5 Qc7 33.Qd4 Rd8 34.Qe3 
Rc8 35.Rc3 Rd8 36.Qc1 Qe5 37.Rg3 Qf6 38.Qc3 Qxc3 39.Rxc3 Kf8 40.f3 Ke7 41.
Kf2 g5 42.Ke3 f5 43.Bc4 Bc6 44.Bb5 Bd5 45.Bc4 Bc6 46.Bb5 1/2-1/2

[Event "32nd WCh U20 Girls"]
[Site "Pune IND"]
[Date "2014.10.06"]
[Round "1.8"]
[White "Fransson, Angelina"]
[Black "Nguyen Thi Mai Hung"]
[Result "0-1"]
[WhiteElo "2019"]
[BlackElo "2299"]
[EventDate "2014.10.06"]
[PlyCount "94"]

1.e4 e6 2.d3 d5 3.Nd2 Nc6 4.Ngf3 Nf6 5.e5 Nd7 6.d4 f6 7.exf6 Qxf6 8.Nb3 
Bd6 9.c4 O-O 10.c5 Be7 11.Bg5 Qf7 12.Bxe7 Qxe7 13.Be2 e5 14.dxe5 Ndxe5 15.
O-O Be6 16.Nfd4 Rae8 17.Rc1 Kh8 18.Rc3 Bg8 19.Bh5 Rd8 20.Rh3 Nxd4 21.Qxd4 
Nc4 22.Qc3 Rf4 23.Qg3 Rdf8 24.Bg6 Qf6 25.Rh5 Ne5 26.Bc2 g6 27.Rh6 Nf7 28.
Rh3 Ng5 29.Rh6 Kg7 30.h4 Kxh6 31.hxg5+ Qxg5 32.Qxg5+ Kxg5 33.g3 Rc4 34.Bd3
Rb4 35.Re1 d4 36.Bc2 Rd8 37.Bd1 d3 38.Kf1 Kf6 39.Re3 Bxb3 40.axb3 Rb5 41.
Ke1 d2+ 42.Ke2 Rxc5 43.f4 Rc6 44.Kf2 h5 45.g4 hxg4 46.Rg3 Re6 47.Rg1 Re1 
0-1

[Event "32nd WCh U20 Girls"]
[Site "Pune IND"]
[Date "2014.10.06"]
[Round "1.9"]
[White "Djogteva, Jekaterina"]
[Black "Madhurima, Shekhar"]
[Result "0-1"]
[WhiteElo "1754"]
[BlackElo "2000"]
[EventDate "2014.10.06"]
[PlyCount "68"]

1.e4 e6 2.d3 d5 3.Nd2 Nc6 4.Ngf3 Nf6 5.g3 dxe4 6.dxe4 e5 7.Bb5 Bd6 8.Nc4 
Qe7 9.Bg5 O-O 10.Ne3 Be6 11.Nd5 Bxd5 12.exd5 Nd4 13.Bxf6 Qxf6 14.Nxd4 exd4
15.O-O Bc5 16.Bd3 Rad8 17.Be4 Rfe8 18.Bg2 Re5 19.Qd2 Qb6 20.Rab1 Rde8 21.
Qd3 Qh6 22.Rbd1 Qf6 23.a3 h5 24.Qf3 Qa6 25.Qf4 g6 26.Bh3 Qd6 27.Bg2 Bb6 
28.Qd2 Qf6 29.Rde1 Kg7 30.Rxe5 Qxe5 31.Bf3 Qf5 32.Bg2 Qe5 33.Bf3 Qe7 34.
Qd3 h4 0-1

[Event "32nd WCh U20 Girls"]
[Site "Pune IND"]
[Date "2014.10.06"]
[Round "1.10"]
[White "Krumova, Ani"]
[Black "Iwanow, Anna"]
[Result "1/2-1/2"]
[WhiteElo "1998"]
[BlackElo "2279"]
[EventDate "2014.10.06"]
[PlyCount "83"]

1.e4 c5 2.c3 d6 3.d4 Nf6 4.Bd3 Nc6 5.Nf3 e5 6.d5 Ne7 7.h3 Ng6 8.Be3 Be7 9.
Nbd2 h5 10.Qc2 Bd7 11.c4 h4 12.O-O-O Nh5 13.Ne1 a6 14.Be2 Nhf4 15.Bf3 b5 
16.Nd3 Rb8 17.Bxf4 Nxf4 18.Nxf4 exf4 19.e5 dxe5 20.d6 Bg5 21.Rhe1 O-O 22.
Rxe5 Bf6 23.Rxc5 bxc4 24.Nxc4 Rb5 25.Rxb5 axb5 26.Nd2 Qa5 27.Kb1 Rc8 28.
Qd3 b4 29.Ne4 Be5 30.Bg4 f5 31.Qd5+ Qxd5 32.Rxd5 fxg4 33.Rxe5 f3 34.gxf3 
gxh3 35.Rh5 Bb5 36.a4 Bxa4 37.b3 Bb5 38.Rxh4 Bd3+ 39.Kb2 Rc2+ 40.Ka1 Rc1+ 
41.Kb2 Rc2+ 42.Ka1 1/2-1/2

[Event "32nd WCh U20 Girls"]
[Site "Pune IND"]
[Date "2014.10.06"]
[Round "1.12"]
[White "Caballero Quijano, Mitzy Mishell"]
[Black "Ibrahimova, Sabina"]
[Result "0-1"]
[WhiteElo "1961"]
[BlackElo "2271"]
[EventDate "2014.10.06"]
[PlyCount "66"]

1.d4 Nf6 2.Nf3 g6 3.c4 Bg7 4.g3 d6 5.Bg2 O-O 6.O-O Nc6 7.Nc3 a6 8.h3 Rb8 
9.e4 b5 10.cxb5 axb5 11.Re1 e6 12.Bg5 h6 13.Bxf6 Qxf6 14.e5 Qd8 15.Rc1 b4 
16.Ne4 Bb7 17.exd6 cxd6 18.d5 exd5 19.Ned2 Bxb2 20.Rb1 Bc3 21.Qc2 Qf6 22.
Red1 Ne5 23.Nh4 Rfc8 24.Nf1 Rc5 25.a3 d4 26.axb4 Rb5 27.f4 Nc4 28.Qe2 Bxg2
29.Kxg2 Rxb4 30.Rxb4 Rxb4 31.Nf3 Rb2 32.N3d2 Qe6 33.Qd3 Bxd2 0-1

[Event "32nd WCh U20 Girls"]
[Site "Pune IND"]
[Date "2014.10.06"]
[Round "1.13"]
[White "Varga, Klara"]
[Black "Bakshi, Rutuja"]
[Result "1-0"]
[WhiteElo "2232"]
[BlackElo "1959"]
[EventDate "2014.10.06"]
[PlyCount "81"]

1.e4 d6 2.d4 Nf6 3.Nc3 g6 4.Bg5 Bg7 5.f4 c6 6.Nf3 O-O 7.Bd3 Na6 8.O-O Nc7 
9.Qe1 Ne6 10.Bxf6 exf6 11.Ne2 Nc7 12.f5 Re8 13.Qg3 b6 14.Nf4 Ba6 15.Bxa6 
Nxa6 16.Rae1 Qd7 17.h4 Nc7 18.h5 g5 19.h6 Bxh6 20.Nh5 Qd8 21.Nh2 Bg7 22.
Ng4 Bh8 23.Kh1 c5 24.e5 dxe5 25.dxe5 fxe5 26.f6 Ne6 27.Rxe5 Qd2 28.Rxe6 
Rxe6 29.Nh6+ Kf8 30.Qc7 Ke8 31.Qxf7+ Kd8 32.Qxe6 Kc7 33.Qe5+ Kb7 34.Qe4+ 
Kb8 35.f7 Kc7 36.Qxa8 Qd4 37.Nf5 Qc4 38.Nhg3 Bg7 39.Rd1 a5 40.Qa7+ Kc6 41.
Qd7# 1-0

[Event "32nd WCh U20 Girls"]
[Site "Pune IND"]
[Date "2014.10.06"]
[Round "1.14"]
[White "Barbosa, Larissa Ichimura"]
[Black "Petrukhina, Irina"]
[Result "0-1"]
[WhiteElo "1975"]
[BlackElo "2218"]
[EventDate "2014.10.06"]
[PlyCount "50"]

1.e4 c5 2.c3 Nf6 3.e5 Nd5 4.d4 cxd4 5.cxd4 d6 6.Nf3 e6 7.Bc4 Be7 8.O-O O-O
9.Qe2 Nc6 10.a3 Qc7 11.Qe4 Na5 12.Ba2 b6 13.Bd2 Bb7 14.Rc1 Qd7 15.Qe2 Rac8
16.Nc3 Nxc3 17.Rxc3 dxe5 18.Nxe5 Qd6 19.Qg4 Bf6 20.Rg3 Rfd8 21.Bf4 Qxd4 
22.Bxe6 Bxe5 23.Bxe5 Qxe5 24.Rb1 fxe6 25.h4 Rd4 0-1

[Event "32nd WCh U20 Girls"]
[Site "Pune IND"]
[Date "2014.10.06"]
[Round "1.15"]
[White "Kurbonboeva, Sarvinoz"]
[Black "Bengtsson, Jessica"]
[Result "1/2-1/2"]
[WhiteElo "2212"]
[BlackElo "1943"]
[EventDate "2014.10.06"]
[PlyCount "115"]

1.d4 d5 2.c4 e6 3.Nc3 Be7 4.Nf3 Nf6 5.Bg5 h6 6.Bf4 O-O 7.Qc2 dxc4 8.e4 a6 
9.Bxc4 b5 10.Be2 Bb7 11.a3 c5 12.Rd1 Qb6 13.O-O cxd4 14.Nxd4 Nc6 15.Nb3 
Rac8 16.e5 Nd5 17.Nxd5 exd5 18.Qf5 Nd8 19.Bd3 g6 20.Qg4 h5 21.Qg3 Re8 22.
Bf5 h4 23.Qg4 Rc4 24.Bd7 Rf8 25.Nd2 Ra4 26.b3 Rd4 27.Qf3 Qc7 28.Bh3 Ne6 
29.Be3 Rd3 30.Bxe6 fxe6 31.Qg4 Kg7 32.Nf3 Rxd1 33.Rxd1 Rh8 34.Qxe6 Bc8 35.
Nd4 Qd7 36.Qxd7 Bxd7 37.Rc1 Rc8 38.e6 Rxc1+ 39.Bxc1 Bc8 40.Nc6 Bf6 41.Nb4 
Bb7 42.Nd3 Kf8 43.f3 d4 44.b4 Ke7 45.Nc5 Bc8 46.Kf2 Kd6 47.Ke2 Bxe6 48.
Bf4+ Kd5 49.Nxa6 Kc4 50.Nc5 Bf5 51.Ne4 Be7 52.Bd6 Bd8 53.Bf8 Bc7 54.Bd6 
Bd8 55.Nc5 Bf6 56.Ne4 Bd8 57.Nc5 Bf6 58.Ne4 1/2-1/2

[Event "32nd WCh U20 Girls"]
[Site "Pune IND"]
[Date "2014.10.06"]
[Round "1.17"]
[White "Khaled, Mouna"]
[Black "Aakanksha, Hagawane"]
[Result "1-0"]
[WhiteElo "2191"]
[BlackElo "1918"]
[EventDate "2014.10.06"]
[PlyCount "81"]

1.d4 Nf6 2.Nf3 g6 3.c4 Bg7 4.Nc3 d5 5.e3 O-O 6.Qb3 dxc4 7.Bxc4 c6 8.O-O b5
9.Be2 Be6 10.Qc2 a6 11.e4 Ra7 12.h3 h6 13.Be3 Rd7 14.Rfd1 Qc8 15.Rac1 Qb7 
16.Bd3 Rdd8 17.Ne2 Bd7 18.Nd2 Be8 19.Nb3 Kh7 20.Nf4 Ng8 21.e5 e6 22.Nc5 
Qe7 23.Ne4 f5 24.exf6 Nxf6 25.Nc5 Rd6 26.Bxg6+ Kg8 27.Bxe8 Qxe8 28.Ng6 Rf7
29.Bf4 Rd8 30.Re1 Rc8 31.Nxe6 Qd7 32.Bxb8 Rxb8 33.Qxc6 Qxc6 34.Rxc6 a5 35.
Nxg7 Kxg7 36.Ne5 Re7 37.Re3 Nh5 38.Ng4 Rxe3 39.fxe3 Ng3 40.Rc7+ Kh8 41.Nf6
1-0

[Event "32nd WCh U20 Girls"]
[Site "Pune IND"]
[Date "2014.10.06"]
[Round "1.18"]
[White "Sunyasakta, Satpathy"]
[Black "Nandhidhaa, P. V."]
[Result "0-1"]
[WhiteElo "1926"]
[BlackElo "2144"]
[EventDate "2014.10.06"]
[PlyCount "106"]

1.e4 c5 2.Nc3 e6 3.g3 Nc6 4.Bg2 g6 5.Nge2 Bg7 6.d3 d6 7.O-O Nge7 8.f4 O-O 
9.g4 f5 10.gxf5 exf5 11.h3 Be6 12.Be3 Qd7 13.Kh2 Nd4 14.Bf2 fxe4 15.dxe4 
Nxe2 16.Nxe2 Bc4 17.Bh4 Rae8 18.Rf2 Bxb2 19.Rb1 Bg7 20.e5 b6 21.Bxe7 Rxe7 
22.Bd5+ Bxd5 23.Qxd5+ Qe6 24.Qxd6 Qxd6 25.exd6 Rd7 26.Rd1 Rfd8 27.f5 Be5+ 
28.Kg2 Rxd6 29.Rxd6 Rxd6 30.Ng3 Rf6 31.fxg6 Rxg6 32.Rf3 b5 33.Kf2 Bxg3+ 
34.Rxg3 Rxg3 35.Kxg3 Kg7 36.Kf3 Kf7 37.Ke3 Ke7 38.Kf3 Ke6 39.Ke4 a5 40.h4 
h6 41.Kf4 a4 42.Ke3 Ke5 43.Kd3 Kf4 44.h5 Kg5 45.Ke4 Kxh5 46.Kd5 Kg5 47.
Kxc5 h5 48.Kxb5 h4 49.c4 h3 50.c5 h2 51.Kxa4 h1=Q 52.Ka5 Qc6 53.Kb4 Kf5 
0-1

[Event "32nd WCh U20 Girls"]
[Site "Pune IND"]
[Date "2014.10.06"]
[Round "1.19"]
[White "Furtado, Ivana Maria"]
[Black "Harshita, Guddanti"]
[Result "1-0"]
[WhiteElo "2165"]
[BlackElo "1925"]
[EventDate "2014.10.06"]
[PlyCount "71"]

1.Nf3 Nf6 2.b3 e6 3.Bb2 b6 4.e3 Bb7 5.Be2 Be7 6.O-O O-O 7.c4 d6 8.Nc3 Nbd7
9.d4 c5 10.Rc1 Ne4 11.dxc5 Ndxc5 12.Nd4 Nxc3 13.Bxc3 Qd7 14.f3 e5 15.Nc2 
Rfd8 16.Nb4 Ne6 17.Nd5 Bg5 18.f4 exf4 19.exf4 Bxd5 20.fxg5 Be4 21.Bh5 Rf8 
22.Qg4 Bg6 23.Rf3 Qc6 24.Bxg6 hxg6 25.Bb4 b5 26.Rh3 Rfd8 27.Qh4 Kf8 28.Re1
Ke7 29.Qd4 Kd7 30.Qf2 Ke7 31.Rf3 Rf8 32.Rd1 Rad8 33.Qxa7+ Qc7 34.Qxc7+ 
Nxc7 35.Rfd3 Ne8 36.cxb5 1-0

[Event "32nd WCh U20 Girls"]
[Site "Pune IND"]
[Date "2014.10.06"]
[Round "1.20"]
[White "Shristi Shetty, J."]
[Black "Gevorgian, Maria"]
[Result "0-1"]
[WhiteElo "1907"]
[BlackElo "2160"]
[EventDate "2014.10.06"]
[PlyCount "58"]

1.e4 c5 2.Nf3 Nc6 3.d3 g6 4.g3 Bg7 5.Bg2 d6 6.O-O e5 7.c3 Nge7 8.a3 O-O 9.
b4 h6 10.Be3 b6 11.Qd2 Kh7 12.d4 exd4 13.cxd4 Bg4 14.e5 Bxf3 15.exd6 Bxg2 
16.dxe7 Qxe7 17.Kxg2 cxd4 18.Bf4 Qb7 19.Qd1 d3 20.Nd2 Nxb4+ 21.Kg1 Nc2 22.
Rb1 Nd4 23.f3 Ne2+ 24.Kh1 Nc3 25.Qb3 Nxb1 26.Rxb1 Rad8 27.Rc1 Rd7 28.Kg2 
Re8 29.Rf1 g5 0-1

[Event "32nd WCh U20 Girls"]
[Site "Pune IND"]
[Date "2014.10.06"]
[Round "1.21"]
[White "Gelip, Ioana"]
[Black "Munoz, Claudia"]
[Result "1/2-1/2"]
[WhiteElo "2154"]
[BlackElo "1906"]
[EventDate "2014.10.06"]
[PlyCount "93"]

1.e4 e6 2.d4 d5 3.Nc3 Nf6 4.e5 Nfd7 5.f4 c5 6.Nf3 Nc6 7.Be3 a6 8.Qd2 Be7 
9.dxc5 Nxc5 10.Nd4 Bd7 11.Be2 O-O 12.O-O Rc8 13.Rad1 b5 14.a3 Nxd4 15.Bxd4
f6 16.f5 exf5 17.Nxd5 fxe5 18.Bxe5 Ne4 19.Nxe7+ Qxe7 20.Qxd7 Qxe5 21.Rd5 
Qe8 22.Qxe8 Rfxe8 23.Bd1 g6 24.c3 Rcd8 25.Bb3 Rxd5 26.Bxd5+ Kg7 27.Re1 Nf6
28.Rxe8 Nxe8 29.b4 Kf6 30.Kf2 Ke5 31.Bb7 Nc7 32.Ke3 g5 33.Kd3 h5 34.c4 h4 
35.Kc3 g4 36.Kb3 Kd4 37.cxb5 axb5 38.Bc8 Ke4 39.a4 bxa4+ 40.Kxa4 h3 41.
gxh3 gxh3 42.Ka5 Kf3 43.Bxf5 Kg2 44.Be4+ Kxh2 45.Kb6 Ne6 46.Kc6 Kg1 47.b5 
1/2-1/2

[Event "32nd WCh U20 Girls"]
[Site "Pune IND"]
[Date "2014.10.06"]
[Round "1.22"]
[White "Divya Lakshmi, R."]
[Black "Frayna, Janelle Mae"]
[Result "0-1"]
[WhiteElo "1905"]
[BlackElo "2140"]
[EventDate "2014.10.06"]
[PlyCount "60"]

1.e4 e6 2.d4 d5 3.Nc3 Bb4 4.e5 c5 5.a3 cxd4 6.Qxd4 Nc6 7.Bb5 Bf8 8.Nf3 Ne7
9.Qd1 Bd7 10.O-O Ng6 11.Re1 Be7 12.Bd3 O-O 13.Nb5 f6 14.exf6 Bxf6 15.c4 
dxc4 16.Bxc4 Nce5 17.Nxe5 Nxe5 18.Bf1 Bc6 19.Bf4 Ng6 20.Bd6 Rf7 21.Bc4 
Bxb5 22.Bxb5 Qb6 23.Bc4 Rd8 24.Rxe6 Bxb2 25.Qe2 Bxa1 26.Re8+ Nf8 27.Bb4 
Rxe8 28.Qxe8 Qxf2+ 29.Kh1 Qf1+ 30.Bxf1 Rxf1# 0-1

[Event "32nd WCh U20 Girls"]
[Site "Pune IND"]
[Date "2014.10.06"]
[Round "1.23"]
[White "Zarkovic, Mila"]
[Black "Terzidaki, Alexandra"]
[Result "1-0"]
[WhiteElo "2136"]
[BlackElo "1902"]
[EventDate "2014.10.06"]
[PlyCount "51"]

1.e4 e6 2.d4 d5 3.Nc3 Bb4 4.Ne2 dxe4 5.a3 Be7 6.Nxe4 Nf6 7.N2c3 b6 8.Nxf6+
Bxf6 9.Qf3 c6 10.Bf4 O-O 11.O-O-O Bg5 12.Bd3 Bxf4+ 13.Qxf4 Ba6 14.h4 Bxd3 
15.Rxd3 Nd7 16.g4 b5 17.g5 b4 18.axb4 Qe7 19.b5 cxb5 20.Nxb5 Nb6 21.Qc7 
Qb4 22.Qc5 Nd5 23.Qxb4 Nxb4 24.Rb3 a5 25.Rd1 Rfb8 26.Nc3 1-0

[Event "32nd WCh U20 Girls"]
[Site "Pune IND"]
[Date "2014.10.06"]
[Round "1.24"]
[White "Anjana Krishna, S."]
[Black "Fronda, Jan Jodilyn"]
[Result "0-1"]
[WhiteElo "1889"]
[BlackElo "2127"]
[EventDate "2014.10.06"]
[PlyCount "98"]

1.e4 c5 2.c3 d5 3.exd5 Qxd5 4.d4 Nc6 5.Nf3 Bg4 6.Be2 Nf6 7.O-O e6 8.h3 Bh5
9.Na3 cxd4 10.Nb5 Rc8 11.Nfxd4 Bxe2 12.Qxe2 Nxd4 13.Nxd4 Bc5 14.Rd1 O-O 
15.Nb3 Qf5 16.Be3 Bxe3 17.Qxe3 b6 18.Rd2 Nd5 19.Qd3 Qg5 20.Kh2 a5 21.a4 h5
22.Qg3 Qxg3+ 23.fxg3 Ne3 24.Re2 Nc4 25.Nd4 Rfd8 26.Rb1 e5 27.Nf5 Kf8 28.
Kg1 f6 29.Rc1 Rd3 30.Kf2 g6 31.Ne3 Nd2 32.Nf1 Nb3 33.Rce1 Nc5 34.Ra1 Rcd8 
35.Ke1 Kf7 36.Kf2 Ke6 37.Re3 Rd1 38.Ra2 Rb1 39.Ke2 Nb3 40.Kf2 Rdd1 41.Nh2 
Nc1 42.Ra3 Rxb2+ 43.Kf3 Rdd2 44.Re1 Re2 45.Rxe2 Rxe2 46.g4 h4 47.g5 f5 48.
Ra1 e4+ 49.Kf4 Nd3# 0-1

[Event "32nd WCh U20 Girls"]
[Site "Pune IND"]
[Date "2014.10.06"]
[Round "1.25"]
[White "Ivekovic, Tihana"]
[Black "Shweta, Gole"]
[Result "1-0"]
[WhiteElo "2122"]
[BlackElo "1881"]
[EventDate "2014.10.06"]
[PlyCount "93"]

1.d4 Nf6 2.c4 g6 3.Nc3 Bg7 4.e4 d6 5.Nf3 O-O 6.Be2 c5 7.O-O cxd4 8.Nxd4 
Nc6 9.Be3 Bd7 10.Rc1 a6 11.f3 Rc8 12.Qd2 Re8 13.Rfd1 Nxd4 14.Bxd4 Qa5 15.
Kh1 Nh5 16.Be3 Be6 17.b3 Nf6 18.Nd5 Qxd2 19.Nxf6+ Bxf6 20.Rxd2 b5 21.Rdc2 
b4 22.c5 dxc5 23.Rxc5 Rxc5 24.Rxc5 Rd8 25.Kg1 Bc8 26.Rc6 Bc3 27.Kf2 Bb7 
28.Rc7 Bc8 29.Rxe7 Be6 30.Ra7 f5 31.exf5 Bxf5 32.Bc4+ Kh8 33.Rxa6 Bb1 34.
a3 bxa3 35.Rxa3 Bc2 36.Ra6 Rb8 37.Rc6 Bb2 38.Rb6 Rc8 39.Rb7 Bc3 40.Be6 Re8
41.Bf7 Rc8 42.Be6 Re8 43.Bd7 Re7 44.Rc7 Bd1 45.Rxc3 Rxd7 46.Ke1 Kg7 47.Bd2
1-0

[Event "32nd WCh U20 Girls"]
[Site "Pune IND"]
[Date "2014.10.06"]
[Round "1.26"]
[White "Vantika, Agrawal"]
[Black "Vaishali, Ramesh Babu"]
[Result "1/2-1/2"]
[WhiteElo "1842"]
[BlackElo "2124"]
[EventDate "2014.10.06"]
[PlyCount "127"]

1.d4 Nf6 2.Nf3 e6 3.g3 d5 4.Bg2 Be7 5.O-O O-O 6.c4 dxc4 7.Qc2 a6 8.Qxc4 b5
9.Qc2 Bb7 10.Bd2 Be4 11.Qc1 Nbd7 12.Ba5 Bd6 13.Nbd2 Bb7 14.Qc2 Re8 15.Rfd1
Qb8 16.e4 e5 17.dxe5 Nxe5 18.Nxe5 Bxe5 19.Rac1 Re7 20.Nb3 Qa7 21.Nc5 Rae8 
22.Nxb7 Qxb7 23.f4 Qa7+ 24.Qf2 Qxf2+ 25.Kxf2 Bxb2 26.Rc2 Ng4+ 27.Ke2 Ba3 
28.h3 Nf6 29.e5 g5 30.Kf3 Nd7 31.Rxc7 Nc5 32.Rxe7 Rxe7 33.Bd8 Rd7 34.Rxd7 
Nxd7 35.Bxg5 Bc1 36.Bd8 Nc5 37.Ke2 Na4 38.Kd3 Bb2 39.Ba5 Nc5+ 40.Kc2 Bd4 
41.Bb6 h5 42.Bb7 a5 43.Ba6 b4 44.Be2 h4 45.gxh4 a4 46.Bxc5 Bxc5 47.Bb5 b3+
48.axb3 axb3+ 49.Kxb3 Bf2 50.f5 Bg3 51.e6 Bxh4 52.Kc4 fxe6 53.fxe6 Be7 54.
Kd5 Kf8 55.Ke5 Kg7 56.Kf5 Kh6 57.Be2 Kg7 58.Bh5 Kh6 59.Bf7 Kg7 60.Kg4 Kh6 
61.h4 Kg7 62.h5 Kh6 63.Kf5 Kg7 64.Ke5 1/2-1/2

[Event "32nd WCh U20 Girls"]
[Site "Pune IND"]
[Date "2014.10.06"]
[Round "1.27"]
[White "Monpeurt, Cyrielle"]
[Black "Tejaswini, Sagar"]
[Result "1/2-1/2"]
[WhiteElo "2115"]
[BlackElo "1876"]
[EventDate "2014.10.06"]
[PlyCount "71"]

1.e4 d5 2.exd5 Nf6 3.d4 Nxd5 4.Nf3 g6 5.Be2 Bg7 6.O-O O-O 7.c4 Nb6 8.Nc3 
Bg4 9.Be3 Nc6 10.c5 Nd7 11.h3 Bxf3 12.Bxf3 e5 13.d5 Nd4 14.Na4 Qh4 15.Bxd4
exd4 16.g3 Qf6 17.Rc1 Rad8 18.Bg2 Rfe8 19.b4 Qe5 20.Nb2 Nf6 21.Nc4 Qe2 22.
d6 c6 23.Qb3 Nd7 24.Na5 d3 25.Rcd1 d2 26.Bf3 Qa6 27.Nc4 Bh6 28.Nxd2 Ne5 
29.Bg2 Qd3 30.Qxd3 Nxd3 31.Ne4 Nb2 32.Nf6+ Kf8 33.Nxe8 Nxd1 34.Nf6 Nc3 35.
a3 Kg7 36.Ng4 1/2-1/2

[Event "32nd WCh U20 Girls"]
[Site "Pune IND"]
[Date "2014.10.06"]
[Round "1.28"]
[White "Tarini, Goyal"]
[Black "Pujari, Rucha"]
[Result "1/2-1/2"]
[WhiteElo "1868"]
[BlackElo "2113"]
[EventDate "2014.10.06"]
[PlyCount "116"]

1.d4 d5 2.c4 e6 3.Nc3 h6 4.Nf3 Nf6 5.g3 c6 6.Bg2 Bd6 7.O-O O-O 8.Qc2 Nbd7 
9.e4 Nxe4 10.Nxe4 dxe4 11.Qxe4 Nf6 12.Qe2 a5 13.b3 a4 14.Bb2 Qa5 15.Rfd1 
a3 16.Bc1 Qh5 17.Bd2 Rb8 18.b4 Qf5 19.Qe3 Ra8 20.c5 Bc7 21.Bc1 Ng4 22.Qd3 
Qxd3 23.Rxd3 e5 24.dxe5 Nxe5 25.Rxa3 Bg4 26.Nxe5 Bxe5 27.Rb1 Rxa3 28.Bxa3 
Ra8 29.Rb3 Rd8 30.h3 Rd1+ 31.Kh2 Be6 32.Re3 Bd4 33.Re2 Kf8 34.b5 Bc4 35.
bxc6 bxc6 36.Rc2 Bd3 37.Rc1 Rd2 38.Bxc6 Rxa2 39.Bb4 Rxf2+ 40.Kh1 Be5 41.
Bg2 Ke8 42.c6 Rc2 43.Rxc2 Bxc2 44.g4 Kd8 45.Ba5+ Bc7 46.Bc3 g6 47.Bd2 h5 
48.Bf3 hxg4 49.hxg4 Ke7 50.Kg2 Ke6 51.Be1 Bb3 52.Bg3 Bxg3 53.Kxg3 Kd6 54.
Kf4 f6 55.Be4 Bf7 56.g5 f5 57.Bxf5 gxf5 58.Kxf5 Kxc6 1/2-1/2

[Event "32nd WCh U20 Girls"]
[Site "Pune IND"]
[Date "2014.10.06"]
[Round "1.29"]
[White "Saranya, J."]
[Black "Supriya, Joshi"]
[Result "1-0"]
[WhiteElo "2107"]
[BlackElo "1857"]
[EventDate "2014.10.06"]
[PlyCount "113"]

1.e4 c6 2.d4 d5 3.Nc3 dxe4 4.Nxe4 Bf5 5.Ng3 Bg6 6.h4 h6 7.Nh3 e6 8.Nf4 Bh7
9.Bc4 Nf6 10.Nfh5 Nbd7 11.c3 Nxh5 12.Nxh5 Nf6 13.Bf4 Rg8 14.Qe2 Nd5 15.Be5
Bg6 16.Bxd5 cxd5 17.Nf4 Bh7 18.O-O Be7 19.Rfe1 Qd7 20.Nh5 Kf8 21.Qg4 f6 
22.Bh2 Bf5 23.Qe2 Bd6 24.Bxd6+ Qxd6 25.Ng3 Kf7 26.Nxf5 exf5 27.Qf3 g6 28.
c4 Rge8 29.cxd5 Rxe1+ 30.Rxe1 Rd8 31.Qe3 g5 32.h5 Qd7 33.Qa3 a6 34.Qb4 Qd6
35.Qxb7+ Rd7 36.Qc8 Rd8 37.Qe6+ Qxe6 38.Rxe6 a5 39.Ra6 Rxd5 40.b3 f4 41.f3
Kg7 42.Kf2 f5 43.Ke2 g4 44.Kd3 g3 45.Kc4 Rd7 46.Rxa5 Kf6 47.Re5 Rc7+ 48.
Kd3 Rc1 49.Re2 Kg5 50.d5 Rc8 51.d6 Kxh5 52.Kd4 Kh4 53.Kd5 h5 54.d7 Rg8 55.
Re8 Rg5 56.Rh8 Rg8 57.d8=Q+ 1-0